जाना-अंजना चीन / (Record no. 112452)

MARC details
000 -LEADER
fixed length control field 01221nam a22002657a 4500
005 - DATE AND TIME OF LATEST TRANSACTION
control field 20170124102939.0
010 ## - LIBRARY OF CONGRESS CONTROL NUMBER
LC control number A-758551
020 ## - INTERNATIONAL STANDARD BOOK NUMBER
Terms of availability 60.00
International Standard Book Number 8170162963
035 ## - SYSTEM CONTROL NUMBER
System control number A-758551
037 ## - SOURCE OF ACQUISITION
Source of stock number/acquisition Cen Lib/Ret
040 ## - CATALOGING SOURCE
Original cataloging agency DPL
Language of cataloging HN
082 ## - DEWEY DECIMAL CLASSIFICATION NUMBER
Classification number 827
Item number मुखोपा
100 ## - MAIN ENTRY--PERSONAL NAME
Personal name मुखोपाध्याय, शुभ्रा
9 (RLIN) 47612
245 ## - TITLE STATEMENT
Title जाना-अंजना चीन /
Statement of responsibility, etc शुभ्रा मुखोपाध्याय; अनुवादक अमर गोस्वामी
246 ## - VARYING FORM OF TITLE
Title proper/short title Jana-anjana chin /
Remainder of title by Shubhra Mukhopadhyay; anuwadak Amar Goswami
260 ## - PUBLICATION, DISTRIBUTION, ETC. (IMPRINT)
Place of publication, distribution, etc नई दिल्ली
Name of publisher, distributor, etc किताब घर
Date of publication, distribution, etc 1996
270 ## - ADDRESS
City नई दिल्ली
Address 24, अंसारी रोड, दरियागंज
Postal code 110002
300 ## - PHYSICAL DESCRIPTION
Extent 108पृ.
Dimensions 16सेमी(सजिल्द)
650 ## - SUBJECT ADDED ENTRY--TOPICAL TERM
Topical term or geographic name as entry element हिन्दी साहित्य
9 (RLIN) 47613
650 ## - SUBJECT ADDED ENTRY--TOPICAL TERM
Topical term or geographic name as entry element हिन्दी साहित्य -- कहानियाँ
9 (RLIN) 47614
650 ## - SUBJECT ADDED ENTRY--TOPICAL TERM
Topical term or geographic name as entry element Hindi literature
9 (RLIN) 47615
650 ## - SUBJECT ADDED ENTRY--TOPICAL TERM
Topical term or geographic name as entry element Hindi literature -- stories
9 (RLIN) 47616
700 ## - ADDED ENTRY--PERSONAL NAME
Personal name गोस्वामी, अमर
9 (RLIN) 47617
942 ## - ADDED ENTRY ELEMENTS (KOHA)
Source of classification or shelving scheme Dewey Decimal Classification
Koha item type Hindi Books
Classification part 827
Call number suffix मुखोपा
Holdings
Withdrawn status Lost status Damaged status Not for loan Home library Current library Date acquired Source of acquisition Cost, normal purchase price Total Checkouts Full call number Barcode Date last seen Copy number Cost, replacement price Price effective from Koha item type
        Central Library Central Library 08/08/2015 Cen Lib/Ret 60.00   827 मुखोपा A-758551 08/08/2015 1 60.00 08/08/2015 Hindi Books

© Delhi Public Library
Hit Counter
free hit counter